|
|
|
|
| LEADER |
00000nab a2200000 4500 |
| 005 |
20160331134825.0 |
| 008 |
151210b2006 cr f|||| |||| 00| 0 spa d |
| 090 |
|
|
|a REVIS 06.02.01
|
| 100 |
1 |
|
|9 1201
|a Fernández Piñon, Monserrat
|
| 245 |
1 |
0 |
|a Educadoras Femistas: Continúa la Revolución Inconclusa Nicaragüense /
|c Monserrat Fernández Piñon
|
| 260 |
|
|
|a San José, Costa Rica :
|b Editorial Universidad de Costa Rica,
|c 2006
|
| 300 |
|
|
|a páginas 11-29
|
| 520 |
|
|
|a Este artículo ubica y documenta el desarrollo y los aportes de la educación feminista en Nicaragua en el contexto socio histórico y político en el que surge y evoluciona, utilizando como referente conceptual y temporal la Revolución Sandinista, a la cual hacen referencia las 67 educadoras feministas entrevistadas para la tesis doctoral que sirve de base a este artículo, "Espiritualidad en la Educación: concepciones de educadoras feministas de la Nicaragua de inicios del siglo XXI"
|
| 650 |
1 |
4 |
|9 1
|a EDUCACIÓN
|
| 773 |
0 |
|
|d San José, Costa Rica : Editorial de la Universidad de Costa Rica, 1997-
|o R0306
|t EDUCACIÓN: Revista de la Universidad de Costa Rica
|g Vol.30, no.1 (2006)
|
| 942 |
|
|
|h REVIS 06.02.01
|2 z
|c 10
|
| 999 |
|
|
|c 2955
|d 2955
|